[Event "CREC - Fontaine"]
[Site "?"]
[Date "2012.09.23"]
[Round "1.7"]
[White "Godart, François"]
[Black "Wantiez, Fabrice"]
[Result "1/2-1/2"]
[WhiteElo "2302"]
[BlackElo "2379"]
[PlyCount "55"]
[EventDate "2012.??.??"]

1. d4 Nf6 2. c4 g6 3. Nc3 d5 4. cxd5 Nxd5 5. e4 Nxc3 6. bxc3 c5 7. Bc4 Bg7 8.
Ne2 Nc6 9. Be3 O-O 10. O-O Bg4 11. f3 Bd7 12. Qd2 Qa5 13. Rfd1 Rac8 14. Bh6
Bxh6 15. Qxh6 cxd4 16. cxd4 e5 17. Bd5 exd4 18. Nxd4 Nxd4 19. Rxd4 Qb6 20. Qe3
Rc2 21. Rad1 Be6 22. Bxe6 Qxe6 23. Rd8 Rxd8 24. Rxd8+ Kg7 25. Qd4+ Kh6 26. Qe3+
Kg7 27. Qd4+ Kh6 28. Qe3+ 1/2-1/2

[Event "CREC - Fontaine"]
[Site "?"]
[Date "2012.09.23"]
[Round "1.3"]
[White "Mullon, Jean-Baptiste"]
[Black "Ringoir, Tanguy"]
[Result "0-1"]
[WhiteElo "2404"]
[BlackElo "2457"]
[PlyCount "55"]
[EventDate "2012.??.??"]

1. e4 e5 2. Nf3 Nc6 3. Bb5 a6 4. Ba4 Nf6 5. O-O Be7 6. Re1 b5 7. Bb3 O-O 8. d4
Nxd4 9. Bxf7+ Rxf7 10. Nxe5 Rf8 11. Qxd4 c5 12. Qd1 Bb7 13. Nc3 Qc7 14. Ng4
Rae8 15. Bg5 Nxg4 16. Qxg4 Bd6 17. g3 Be5 18. Rad1 d6 19. Nd5 Qf7 20. Be3 Bxb2
21. Rd2 Re6 22. Nf4 Rf6 23. Red1 Bxe4 24. Rxd6 Bxc2 25. Bxc5 Bxd1 26. Rxd1 Re8
27. Rd7 Rxf4 28. Qxf4 0-1

[Event "CREC - Fontaine"]
[Site "?"]
[Date "2012.09.23"]
[Round "1.1"]
[White "Kveinys, Aloyzas"]
[Black "Haub, Thorsten Michael"]
[Result "1-0"]
[WhiteElo "2523"]
[BlackElo "2466"]
[PlyCount "63"]
[EventDate "2012.??.??"]

1. d4 g6 2. c4 Bg7 3. Nf3 d6 4. g3 f5 5. Bg2 Nf6 6. O-O O-O 7. b4 Qe8 8. Bb2 h6
9. Nbd2 g5 10. e3 e5 11. dxe5 Nfd7 12. c5 dxe5 13. Nc4 Kh8 14. Qd5 Nc6 15. b5
Ne7 16. Qd2 Ng6 17. Qa5 Nxc5 18. Qxc7 Nd3 19. Ba3 Qd8 20. Qa5 Qxa5 21. Nxa5 Rd8
22. e4 g4 23. Nd2 f4 24. Rfd1 Bf8 25. Bxf8 Rxf8 26. Ndb3 b6 27. Rxd3 bxa5 28.
Rd6 Kg7 29. Nxa5 Rb8 30. Bf1 Rf7 31. Nc6 Rb6 32. Rxg6+ 1-0

[Event "CREC - Eynatten 2"]
[Site "?"]
[Date "2012.10.21"]
[Round "3.7"]
[White "Godart, Francois"]
[Black "Rosskamp, Bob"]
[Result "1/2-1/2"]
[WhiteElo "2302"]
[BlackElo "1857"]
[PlyCount "85"]
[EventDate "2012.10.22"]

1. d4 d5 2. c4 dxc4 3. e3 Nf6 4. Bxc4 e6 5. Nf3 Be7 6. O-O O-O 7. Nc3 b6 8. b3
Bb7 9. Bb2 Nd5 10. Nxd5 exd5 11. Bd3 Nd7 12. Rc1 Bd6 13. Ne5 Qe7 14. Nc6 Qe6
15. Qc2 g6 16. Kh1 a6 17. e4 Bxc6 18. Qxc6 dxe4 19. Bxe4 Rae8 20. Bf3 Bf4 21.
Rc2 Qxc6 22. Bxc6 Rd8 23. Ba3 Rfe8 24. g3 Bd6 25. Bxd6 cxd6 26. Kg2 Kf8 27. Kf3
Re7 28. Bxd7 Rexd7 29. Rc6 Rb8 30. Re1 a5 31. Rec1 Ke7 32. Rc8 Rbb7 33. Kf4 Ke6
34. Ke4 f5+ 35. Kd3 Kd5 36. h4 Re7 37. R8c2 Re4 38. Rc4 b5 39. Rc7 Rxd4+ 40.
Ke3 Re4+ 41. Kf3 Rxc7 42. Rxc7 h5 43. Rg7 1/2-1/2

[Event "CREC - Eynatten 2"]
[Site "?"]
[Date "2012.10.21"]
[Round "3.5"]
[White "Saiboulatov, Daniyal"]
[Black "Dorr, Yannick"]
[Result "1-0"]
[WhiteElo "2344"]
[BlackElo "1930"]
[PlyCount "41"]
[EventDate "2012.10.22"]

1. e4 e5 2. Nf3 Nc6 3. Bb5 a6 4. Ba4 Nf6 5. O-O b5 6. Bb3 Be7 7. a4 Bb7 8. d3
O-O 9. Nc3 d6 10. axb5 Nd4 11. Nxd4 exd4 12. Ne2 axb5 13. Rxa8 Qxa8 14. Nxd4
Qa6 15. Nf5 Bd8 16. Qf3 c5 17. Bh6 Ne8 18. Bxg7 c4 19. Qg3 h5 20. Nh6+ Kh7 21.
Bxf8 1-0

[Event "CREC - Eynatten 2"]
[Site "?"]
[Date "2012.10.21"]
[Round "3.3"]
[White "Mullon, Jean-Baptiste"]
[Black "Richters, Marc"]
[Result "1-0"]
[WhiteElo "2354"]
[BlackElo "2045"]
[PlyCount "59"]
[EventDate "2012.10.22"]

1. e4 c5 2. Nf3 d6 3. d4 cxd4 4. Qxd4 Nc6 5. Bb5 Bd7 6. Bxc6 bxc6 7. O-O Qb6 8.
Qd3 g6 9. Be3 c5 10. Nc3 Nf6 11. e5 Bf5 12. Qc4 Be6 13. Qa4+ Nd7 14. exd6 exd6
15. Ng5 Bg7 16. Rad1 Rc8 17. Bf4 Rc6 18. Nxe6 fxe6 19. Qe4 Kf7 20. Qf3 Bxc3 21.
Be5+ Ke7 22. Bxc3 Rf8 23. Qh3 Rf7 24. Rfe1 e5 25. Qh4+ Kf8 26. f4 c4+ 27. Kh1
Rxf4 28. Rf1 Rf5 29. Qxh7 Ke8 30. Qxg6+ 1-0

[Event "CREC - Eynatten 2"]
[Site "?"]
[Date "2012.10.21"]
[Round "3.1"]
[White "David, Alberto"]
[Black "Maes, Valeer"]
[Result "1-0"]
[WhiteElo "2605"]
[BlackElo "2179"]
[PlyCount "67"]
[EventDate "2012.10.22"]

1. Nf3 d5 2. d4 Bf5 3. c4 e6 4. Nc3 c6 5. Qb3 Qb6 6. c5 Qc7 7. Bf4 Qc8 8. Nh4
Be7 9. Nxf5 exf5 10. e3 Nf6 11. Bd3 g6 12. h3 Nbd7 13. Qd1 b6 14. cxb6 Nxb6 15.
Rc1 Qe6 16. O-O O-O 17. Ba6 Rad8 18. Ne2 Nh5 19. Qc2 Nxf4 20. Nxf4 Qf6 21. Qxc6
Rd6 22. Qc2 Rfd8 23. Bb5 Bf8 24. Nd3 Rc8 25. Qb3 Rdd8 26. a4 a5 27. Ne5 Rxc1
28. Rxc1 Bb4 29. Rc6 Rd6 30. Rc7 Qd8 31. Rc2 Re6 32. Nc6 Qf8 33. Nxb4 axb4 34.
a5 1-0

[Event "CREC - Eynatten 1"]
[Site "?"]
[Date "2013.03.03"]
[Round "10.8"]
[White "Jamar, Vadim"]
[Black "Coenen, Norbert"]
[Result "0-1"]
[WhiteElo "1711"]
[BlackElo "2357"]
[PlyCount "54"]
[EventDate "2013.??.??"]

1. e4 c5 2. d4 cxd4 3. c3 d3 4. Bxd3 e6 5. c4 Nf6 6. Nf3 d6 7. O-O Be7 8. Nc3
O-O 9. b4 a5 10. c5 axb4 11. cxd6 Bxd6 12. e5 Bxe5 13. Nxe5 bxc3 14. Qc2 Qa5
15. Nc4 Qc7 16. Bg5 Nbd7 17. Bh4 e5 18. Rfe1 e4 19. Bg3 exd3 20. Qxc3 Qc6 21.
Bd6 Ne4 22. Qxd3 Nxd6 23. Nxd6 Nc5 24. Qg3 Be6 25. Rac1 b6 26. Rc4 Bxc4 27. Nf5
Qf6 0-1

[Event "CREC - Eynatten 1"]
[Site "?"]
[Date "2013.03.03"]
[Round "10.4"]
[White "Godart, Francois"]
[Black "Trella, Thomas"]
[Result "1/2-1/2"]
[WhiteElo "2302"]
[BlackElo "2429"]
[PlyCount "57"]
[EventDate "2013.??.??"]

1. d4 d5 2. c4 e6 3. Nc3 Nf6 4. Nf3 Nbd7 5. Bg5 Be7 6. e3 O-O 7. Qc2 c5 8. cxd5
cxd4 9. Nxd4 Nxd5 10. Bxe7 Nxe7 11. Bd3 Nf6 12. O-O Bd7 13. Rfd1 Qb6 14. Rac1
Rac8 15. Qb3 Qxb3 16. Nxb3 b6 17. Nb5 Rxc1 18. Rxc1 Bxb5 19. Bxb5 Rc8 20. Rxc8+
Nxc8 21. Nd4 Nd6 22. Ba6 Nd5 23. Nb5 Nxb5 24. Bxb5 e5 25. Kf1 Kf8 26. Ke2 Nc7
27. Bd3 h6 28. Be4 Ne8 29. Kd3 1/2-1/2

[Event "CREC - Eynatten 1"]
[Site "?"]
[Date "2013.03.03"]
[Round "10.2"]
[White "Eliet, Nicolas"]
[Black "Hausrath, Daniel"]
[Result "1/2-1/2"]
[WhiteElo "2349"]
[BlackElo "2508"]
[PlyCount "35"]
[EventDate "2013.??.??"]

1. d4 d5 2. c4 e6 3. Nc3 Be7 4. Nf3 Nf6 5. Bg5 h6 6. Bxf6 Bxf6 7. e3 O-O 8. Rc1
b6 9. cxd5 exd5 10. Be2 Be6 11. O-O c5 12. dxc5 bxc5 13. Na4 c4 14. b3 Qa5 15.
Nd4 Bxd4 16. Qxd4 Nc6 17. Qc5 Rfc8 18. Qxa5 1/2-1/2

[Event "CREC - Deurne"]
[Site "?"]
[Date "2012.12.02"]
[Round "5.7"]
[White "Akhayan, Ruben"]
[Black "Van Herck, Marcel"]
[Result "1/2-1/2"]
[WhiteElo "2288"]
[BlackElo "2144"]
[PlyCount "61"]
[EventDate "2012.12.02"]

1. e4 c6 2. d4 d5 3. Nd2 dxe4 4. Nxe4 Nd7 5. Bc4 Ngf6 6. Ng5 e6 7. Qe2 Nb6 8.
Bd3 c5 9. N1f3 h6 10. Ne4 cxd4 11. O-O Nxe4 12. Bxe4 Bd6 13. Nxd4 Bxh2+ 14.
Kxh2 Qxd4 15. Rd1 Qf6 16. Kg1 O-O 17. Rd3 e5 18. Qh5 Rd8 19. Rg3 Rd4 20. Bxh6
Rxe4 21. Bxg7 Qxg7 22. Rxg7+ Kxg7 23. f3 Rf4 24. Qg5+ Kf8 25. Qxe5 Rf5 26. Qd6+
Kg7 27. Qd4+ Kg8 28. Qd8+ Kg7 29. Qd4+ Kg8 30. Qd8+ Kg7 31. Qd4+ 1/2-1/2

[Event "CREC - Deurne"]
[Site "?"]
[Date "2012.12.02"]
[Round "5.5"]
[White "Laurent, Bruno"]
[Black "Schuermans, Robert"]
[Result "1-0"]
[WhiteElo "2339"]
[BlackElo "2187"]
[PlyCount "73"]
[EventDate "2012.12.02"]

1. d4 Nf6 2. c4 c5 3. Nf3 cxd4 4. Nxd4 e5 5. Nb5 d5 6. cxd5 Bc5 7. N5c3 O-O 8.
g3 Qb6 9. e3 Bg4 10. Be2 Bh3 11. g4 Rd8 12. Rg1 Bb4 13. Rg3 Nxd5 14. Qb3 Qh6
15. Nd2 Bxc3 16. bxc3 Nc6 17. Nf3 Na5 18. Qa3 b6 19. c4 Nc7 20. e4 Qc6 21. Rxh3
Qxe4 22. Qc3 Nc6 23. Qe3 Qc2 24. Bd2 Rd6 25. c5 bxc5 26. Rc1 Qg6 27. Qxc5 Rad8
28. Be3 Ne6 29. Qc2 Qxg4 30. Qxh7+ Kf8 31. Qh8+ Ke7 32. Qh4+ Qxh4 33. Rxh4 g5
34. Rhc4 Ncd4 35. Nxe5 Rh8 36. Bxd4 Nxd4 37. Rxd4 1-0

[Event "CREC - Deurne"]
[Site "?"]
[Date "2012.12.02"]
[Round "5.3"]
[White "Eliet, Nicolas"]
[Black "Rooze, Jan"]
[Result "1-0"]
[WhiteElo "2349"]
[BlackElo "2316"]
[PlyCount "105"]
[EventDate "2012.12.02"]

1. d4 Nf6 2. c4 c5 3. d5 e5 4. Nc3 d6 5. e4 Nbd7 6. g3 a6 7. a4 g6 8. Bg2 Bg7
9. Nge2 O-O 10. O-O Nh5 11. f4 exf4 12. gxf4 f5 13. exf5 gxf5 14. Qd3 b6 15.
Bd2 Ra7 16. Rab1 Ndf6 17. b4 Re7 18. bxc5 bxc5 19. Rb8 Rfe8 20. Bf3 Qc7 21.
Rfb1 Bf8 22. h3 Rg7+ 23. Kh2 Qe7 24. Rxc8 Rxc8 25. Qxf5 Qd7 26. Qe6+ Kh8 27.
Qxd7 Rxd7 28. Rb6 Ra8 29. a5 Re7 30. Kg2 Ng7 31. Ng3 Rf7 32. Nce4 Nxe4 33. Nxe4
Nf5 34. Ng5 Re7 35. Ne6 Nh4+ 36. Kg3 Nxf3 37. Kxf3 Rd7 38. Bc3+ Kg8 39. f5 Bh6
40. f6 Kf7 41. Be1 Rg8 42. Bg3 Rxg3+ 43. Kxg3 Bd2 44. Rxa6 Bb4 45. Ra8 Kxf6 46.
Kf4 Rf7 47. a6 Kg6+ 48. Ke4 Kh5 49. Rd8 Kh4 50. Rxd6 Ra7 51. Rc6 Kxh3 52. Nc7
h5 53. d6 1-0

[Event "CREC - Deurne"]
[Site "?"]
[Date "2012.12.02"]
[Round "5.1"]
[White "Kveinys, Aloyzas"]
[Black "Froeyman, Helmut"]
[Result "1/2-1/2"]
[WhiteElo "2523"]
[BlackElo "2343"]
[PlyCount "87"]
[EventDate "2012.12.02"]

1. Nf3 f5 2. g3 Nf6 3. Bg2 e6 4. O-O Be7 5. d3 O-O 6. Nc3 d6 7. e4 fxe4 8. dxe4
e5 9. h3 Nc6 10. Be3 Qe8 11. Nd2 Qg6 12. a3 a6 13. Qe2 Kh8 14. Rad1 Bd7 15. Nd5
Nxd5 16. exd5 Nd8 17. Ne4 Nf7 18. Rfe1 Bf5 19. Qc4 Rac8 20. Bc1 Bg5 21. h4 Bxc1
22. Rxc1 Bd7 23. c3 Qf5 24. Qe2 Qg6 25. b4 Rce8 26. Qd1 Re7 27. a4 Bf5 28. a5
Bxe4 29. Bxe4 Qf6 30. Rc2 Nh6 31. Qh5 Ref7 32. Kg2 Qe7 33. Re3 Nf5 34. Rf3 g6
35. Qg5 Qxg5 36. hxg5 Kg7 37. Rb2 h6 38. gxh6+ Kxh6 39. b5 axb5 40. Rxb5 Ra8
41. c4 Kg5 42. Bxf5 gxf5 43. c5 c6 44. dxc6 1/2-1/2

[Event "CREC - Borgerhout"]
[Site "?"]
[Date "2013.01.13"]
[Round "7.7"]
[White "Bauduin, Etienne"]
[Black "Lombaers, Peter"]
[Result "0-1"]
[WhiteElo "2249"]
[BlackElo "2142"]
[PlyCount "68"]
[EventDate "2013.??.??"]

1. c4 Nf6 2. Nc3 d5 3. cxd5 Nxd5 4. g3 g6 5. Bg2 Nxc3 6. bxc3 Bg7 7. Rb1 Nc6 8.
h4 h6 9. Nf3 O-O 10. d4 Na5 11. Ne5 Be6 12. Bf4 Bd5 13. e4 Bxa2 14. Ra1 Bb3 15.
Qc1 Nc4 16. Nf3 c5 17. Bxh6 cxd4 18. Bxg7 Kxg7 19. cxd4 a5 20. h5 Rh8 21. d5 a4
22. h6+ Kg8 23. Qf4 Qa5+ 24. Kf1 Qa6 25. Kg1 Qf6 26. Qc1 Qb2 27. Qe1 Na3 28.
Rc1 Nc2 29. Qd2 a3 30. Ng5 a2 31. h7+ Kf8 32. Ne6+ fxe6 33. Qh6+ Qg7 34. Qf4+
Qf6 0-1

[Event "CREC - Borgerhout"]
[Site "?"]
[Date "2013.01.13"]
[Round "7.5"]
[White "Laurent, Bruno"]
[Black "Veltkamp, Gerben"]
[Result "1-0"]
[WhiteElo "2339"]
[BlackElo "2173"]
[PlyCount "57"]
[EventDate "2013.??.??"]

1. e4 e5 2. Nf3 Nc6 3. Bb5 Nf6 4. d3 Bc5 5. O-O Nd4 6. Nxd4 Bxd4 7. c3 Bb6 8.
d4 c6 9. dxe5 Nxe4 10. Bd3 Qh4 11. Bxe4 Qxe4 12. Re1 Qf5 13. Be3 O-O 14. Na3 d5
15. exd6 Be6 16. Nc2 Rad8 17. Bxb6 axb6 18. Re2 Qc5 19. Rd2 Rd7 20. Nd4 Qxd6
21. Qh5 Qc5 22. Qh4 Qc4 23. Qg3 Rfd8 24. b3 Qc5 25. Re1 Qh5 26. Rde2 g6 27. h3
Bd5 28. Re5 Qh6 29. Re8+ 1-0

[Event "CREC - Borgerhout"]
[Site "?"]
[Date "2013.01.13"]
[Round "7.1"]
[White "Gharamian, Tigran"]
[Black "Docx, Stefan"]
[Result "1/2-1/2"]
[WhiteElo "2663"]
[BlackElo "2442"]
[PlyCount "41"]
[EventDate "2013.??.??"]

1. e4 e5 2. Nf3 Nc6 3. Bc4 Bc5 4. O-O Nf6 5. d4 Bxd4 6. Nxd4 Nxd4 7. f4 d6 8.
fxe5 dxe5 9. Bg5 Qe7 10. Na3 Bd7 11. Qe1 Rg8 12. Qf2 Ne6 13. Bxf6 Qxf6 14. Qxf6
gxf6 15. Rxf6 Ke7 16. Rh6 Rg7 17. Kf2 Rh8 18. g3 Rg6 19. Rh4 h5 20. Be2 Rf6+
21. Kg1 1/2-1/2

[Event "CREC - Anderlecht "]
[Site "Anderlecht"]
[Date "2012.11.18"]
[Round "4.6"]
[White "Sclacmender, Julien"]
[Black "Spaan, Nathanael"]
[Result "1/2-1/2"]
[WhiteElo "2234"]
[BlackElo "2220"]
[PlyCount "59"]
[EventDate "2012.??.??"]

1. e4 c5 2. Nf3 d6 3. d4 cxd4 4. Nxd4 Nf6 5. Nc3 a6 6. Bg5 e6 7. Qd3 Be7 8.
O-O-O b5 9. f4 b4 10. Nce2 Bb7 11. Bxf6 gxf6 12. Ng3 Nd7 13. Be2 Nc5 14. Qe3
Qa5 15. Kb1 O-O-O 16. Bf3 Kb8 17. f5 e5 18. Nb3 Qc7 19. Bh5 d5 20. exd5 Bxd5
21. Bf3 Bxf3 22. Qxf3 Nb7 23. Rc1 Rc8 24. c3 Qb6 25. cxb4 Bxb4 26. Ne4 a5 27.
Nbd2 Qd4 28. Nb3 Qb6 29. Nbd2 Qd4 30. Nb3 1/2-1/2

[Event "CREC - Anderlecht"]
[Site "?"]
[Date "2012.12.16"]
[Round "6.6"]
[White "Godart, Francois"]
[Black "Ghyselen, Wouter"]
[Result "1-0"]
[WhiteElo "2302"]
[BlackElo "2144"]
[PlyCount "43"]
[EventDate "2012.??.??"]

1. d4 Nf6 2. c4 e6 3. Nf3 d5 4. Nc3 c6 5. Bg5 dxc4 6. e4 b5 7. e5 h6 8. Bh4 g5
9. Nxg5 Nd5 10. Nxf7 Qxh4 11. Nxh8 Bb4 12. Qd2 c5 13. dxc5 Bb7 14. Be2 Bxc3 15.
bxc3 Nd7 16. Qd4 Qg5 17. h4 Qxe5 18. Ng6 Qf5 19. Qh8+ Kf7 20. Qh7+ Ke8 21. Qg8+
Nf8 22. Nxf8 1-0

[Event "CREC - Anderlecht"]
[Site "Anderlecht"]
[Date "2012.11.18"]
[Round "4.8"]
[White "Remy, Joël"]
[Black "Rihouay, Clément"]
[Result "1-0"]
[WhiteElo "2048"]
[BlackElo "2195"]
[PlyCount "71"]
[EventDate "2012.??.??"]

1. d4 Nf6 2. c4 e6 3. Nc3 Bb4 4. Qc2 c5 5. e3 cxd4 6. exd4 d5 7. Nf3 Nc6 8. a3
Be7 9. c5 O-O 10. b4 e5 11. dxe5 Ng4 12. Bd3 a5 13. Rb1 axb4 14. axb4 Ngxe5 15.
Nxe5 Nxe5 16. Bxh7+ Kh8 17. Bd3 g6 18. Rb3 Be6 19. Nb5 d4 20. Rb2 Bf6 21. O-O
Nxd3 22. Qxd3 Bf5 23. Qd2 d3 24. Nd6 Qd7 25. Nxf5 Qxf5 26. Rb3 Rfd8 27. Rd1 Ra1
28. Bb2 Rxd1+ 29. Qxd1 Bxb2 30. Rxb2 d2 31. h3 Qd3 32. b5 Qc3 33. Ra2 Qc1 34.
Ra1 Qxa1 35. Qxa1+ Kg8 36. Qd1 1-0

[Event "CREC - Anderlecht"]
[Site "Anderlecht"]
[Date "2012.11.18"]
[Round "4.2"]
[White "Saiboulatov, Daniyal"]
[Black "Beeckmans, Felix"]
[Result "1-0"]
[WhiteElo "2344"]
[BlackElo "2310"]
[PlyCount "120"]
[EventDate "2012.??.??"]

1. e4 c5 2. Nf3 g6 3. d4 cxd4 4. Nxd4 Bg7 5. Nc3 Nc6 6. Nde2 d6 7. h3 Nf6 8. g4
O-O 9. Bg2 a5 10. a4 Nb4 11. O-O Nd7 12. Nb5 Nc5 13. Nf4 Be6 14. Nd5 Bd7 15.
Nbc3 Nxd5 16. exd5 Qe8 17. Re1 Nxa4 18. Nxa4 Bxa4 19. Bg5 f6 20. Bf4 Qd7 21. b3
Bb5 22. c4 Ba6 23. Rxa5 f5 24. Bg5 fxg4 25. Re6 Bf6 26. Qxg4 Rf7 27. Ra2 b6 28.
h4 Bb7 29. Rxa8+ Bxa8 30. h5 gxh5 31. Qh3 Bb7 32. Bh6 Bc8 33. Qxh5 Qe8 34. Re3
Be5 35. Qg5+ Kh8 36. Rxe5 dxe5 37. Qxe5+ Kg8 38. Qg3+ Kh8 39. Bf4 Rg7 40. Be5
Qg6 41. Qxg6 hxg6 42. Kf1 Kg8 43. Bxg7 Kxg7 44. Ke2 Kf6 45. Ke3 g5 46. Kd4 e5+
47. dxe6 Bxe6 48. b4 Kf5 49. c5 bxc5+ 50. Kxc5 Kf4 51. b5 Bc8 52. Kd6 g4 53.
Kc7 Bf5 54. b6 Be4 55. Bxe4 Kxe4 56. b7 Kf3 57. b8=Q Kxf2 58. Qb2+ Kf3 59. Qf6+
Kg2 60. Kd6 g3 1-0

[Event "CREC - Amay"]
[Site "?"]
[Date "2012.10.07"]
[Round "2.8"]
[White "Sclacmender, Julien"]
[Black "Lafosse, Jimmy"]
[Result "1/2-1/2"]
[WhiteElo "2234"]
[BlackElo "2163"]
[PlyCount "113"]
[EventDate "2012.??.??"]

1. e4 e6 2. d4 d5 3. Nc3 Be7 4. Be3 dxe4 5. Nxe4 Nf6 6. Nxf6+ Bxf6 7. Nf3 O-O
8. Bd3 Nc6 9. O-O g6 10. Be4 Qe7 11. c3 Bd7 12. Bf4 Qd8 13. Qd2 Na5 14. Rad1
Bc6 15. Bxc6 Nxc6 16. Bh6 Bg7 17. Rfe1 Qd5 18. b3 Rad8 19. Bxg7 Kxg7 20. Qf4
Qd6 21. Qh4 f6 22. h3 Rfe8 23. Nd2 b6 24. Ne4 Qf8 25. Qg3 Rd7 26. Qf3 Ne7 27.
Ng3 Qf7 28. h4 Red8 29. h5 Rd5 30. Qe3 e5 31. h6+ Kg8 32. Qf3 exd4 33. Rxd4
Rxd4 34. cxd4 Nd5 35. Ne4 Re8 36. Rc1 Qe6 37. Nc3 Nxc3 38. Rxc3 Qd6 39. g3 f5
40. Rc6 Re1+ 41. Kg2 Qd7 42. b4 Re4 43. Qb3+ Kh8 44. Rf6 Re8 45. d5 Rd8 46. Kh2
Qe7 47. Qc3 Kg8 48. Re6 Qf8 49. Qxc7 Qxh6+ 50. Kg2 Rf8 51. f4 Qg7 52. Re7 Qb2+
53. Kh3 Qa1 54. Kh2 Qxa2+ 55. Kh3 Qa1 56. Kg2 Qa2+ 57. Kh3 1/2-1/2

[Event "CREC - Amay"]
[Site "?"]
[Date "2012.10.07"]
[Round "2.6"]
[White "Akhayan, Ruben"]
[Black "Buscher, Michael"]
[Result "0-1"]
[WhiteElo "2334"]
[BlackElo "2288"]
[PlyCount "160"]
[EventDate "2012.??.??"]

1. e4 c5 2. Nf3 Nc6 3. d4 cxd4 4. Nxd4 Nf6 5. Nc3 d6 6. Bc4 e6 7. Be3 Be7 8.
Qe2 a6 9. O-O-O Qc7 10. Rhg1 O-O 11. g4 b5 12. g5 Nd7 13. Nxe6 fxe6 14. Bxe6+
Kh8 15. Nd5 Qa5 16. g6 Nde5 17. Qh5 Nxg6 18. Rxg6 Bxe6 19. Rxe6 Qxa2 20. Nxe7
Qxe6 21. Nxc6 Qxe4 22. Qd5 Qxd5 23. Rxd5 Rf6 24. Bd4 Re6 25. Rg5 Rg8 26. Rf5
Rc8 27. Na7 Rce8 28. Rg5 Rg8 29. Nc6 h6 30. Rg1 Kh7 31. Be3 Rc8 32. Nd4 Re5 33.
Kd2 a5 34. Rg2 a4 35. c3 g6 36. Kd3 Rd5 37. f4 Rh5 38. Re2 Re8 39. Bg1 Rxe2 40.
Nxe2 Kg8 41. Nd4 Kf7 42. f5 gxf5 43. Nxb5 Ke7 44. c4 Rh3+ 45. Ke2 f4 46. Nd4 a3
47. bxa3 Rxa3 48. Nf5+ Ke6 49. Nxh6 Rh3 50. Ng4 Kf5 51. Nf2 Rc3 52. h3 Rxc4 53.
Bh2 Rc2+ 54. Kf3 Rc3+ 55. Ke2 d5 56. h4 Re3+ 57. Kd2 d4 58. Nd3 f3 59. Bg1 Re2+
60. Kd1 Ke4 61. Nf2+ Kd5 62. h5 Re5 63. Nd3 Rg5 64. Bf2 Ke4 65. Kd2 Rxh5 66.
Bg1 Ra5 67. Nf2+ Kd5 68. Kd3 Ra3+ 69. Kd2 Kc4 70. Bh2 Re3 71. Bg3 Re2+ 72. Kd1
d3 73. Bh4 Kd4 74. Bg3 Kc3 75. Bh4 Re6 76. Bg3 d2 77. Be5+ Rxe5 78. Ne4+ Kd3
79. Nf2+ Kd4 80. Ng4 Re2 0-1

[Event "CREC - Amay"]
[Site "?"]
[Date "2012.10.07"]
[Round "2.4"]
[White "Laurent, Bruno"]
[Black "Tan, Matthew"]
[Result "1/2-1/2"]
[WhiteElo "2364"]
[BlackElo "2428"]
[PlyCount "31"]
[EventDate "2012.??.??"]

1. e4 e6 2. d4 d5 3. Nc3 Bb4 4. exd5 exd5 5. Bd3 Ne7 6. Qh5 Nbc6 7. Nf3 Be6 8.
a3 Bxc3+ 9. bxc3 Qd7 10. Ng5 g6 11. Qf3 O-O-O 12. Nxe6 Qxe6+ 13. Be3 Nf5 14.
O-O Nxe3 15. Rfe1 Qg4 16. Rxe3 1/2-1/2

[Event "CREC - Amay"]
[Site "?"]
[Date "2012.10.07"]
[Round "2.2"]
[White "Eliet, Nicolas"]
[Black "Burg, Twan"]
[Result "1/2-1/2"]
[WhiteElo "2389"]
[BlackElo "2470"]
[PlyCount "97"]
[EventDate "2012.??.??"]

1. c4 e5 2. g3 Nf6 3. Bg2 Nc6 4. Nc3 Bc5 5. e3 d5 6. cxd5 Nb4 7. d3 Nbxd5 8.
Nxd5 Nxd5 9. Nf3 Qe7 10. O-O O-O 11. a3 Rd8 12. Qc2 Bd6 13. b3 c6 14. Bb2 f5
15. e4 fxe4 16. dxe4 Nc7 17. h3 Bd7 18. Rfd1 c5 19. a4 Na6 20. Ng5 Be6 21. Nxe6
Qxe6 22. Bc3 Kh8 23. Bf1 Nb4 24. Bxb4 cxb4 25. Rd5 Rac8 26. Qd2 Be7 27. Rc1 h6
28. Kg2 Rxc1 29. Rxd8+ Bxd8 30. Qxc1 Qxb3 31. Qc8 Qg8 32. Bc4 Qf8 33. Qxb7 Bb6
34. Qf7 Qxf7 35. Bxf7 g5 36. Kf1 Kg7 37. Bd5 h5 38. g4 hxg4 39. hxg4 Kf6 40.
Ke2 Ke7 41. f3 Kd6 42. Kd3 Kc5 43. Bb3 a6 44. Bc4 a5 45. Bb3 Bc7 46. Ba2 Bd6
47. Bb3 Be7 48. Bd1 Bd6 49. Bb3 1/2-1/2

[Event "Borgerhout -Zottegem"]
[Site "?"]
[Date "2012.09.23"]
[Round "1.1"]
[White "Van Eijk, Sander"]
[Black "De Schampheleire, Glen"]
[Result "1-0"]
[WhiteElo "2491"]
[BlackElo "2311"]
[PlyCount "51"]
[EventDate "2012.09.23"]

1. e4 c6 2. d4 d5 3. f3 Qb6 4. Nc3 dxe4 5. fxe4 e5 6. dxe5 Be6 7. Nf3 Nd7 8.
Bd3 Ne7 9. Qe2 Ng6 10. Bd2 Ngxe5 11. O-O-O O-O-O 12. h3 Nxd3+ 13. cxd3 Qa6 14.
Be3 Nc5 15. Nd4 Bxa2 16. Qg4+ Kb8 17. Kc2 Ne6 18. Qg3+ Bd6 19. Qf2 Be5 20. Nxe6
fxe6 21. Bf4 Bxf4 22. Qxf4+ e5 23. Qxe5+ Ka8 24. Nxa2 Rhe8 25. Qc7 Qxa2 26. Ra1
1-0

[Event "Borgerhout - Zottegem"]
[Site "?"]
[Date "2012.09.23"]
[Round "1.5"]
[White "Vedder, Richard"]
[Black "Ghysels, Marc"]
[Result "1-0"]
[WhiteElo "2333"]
[BlackElo "2146"]
[PlyCount "89"]
[EventDate "2012.09.23"]

1. e4 c5 2. Nf3 Nc6 3. d4 cxd4 4. Nxd4 e5 5. Nb5 a6 6. Nd6+ Bxd6 7. Qxd6 Qf6 8.
Qd1 Qg6 9. Nc3 Nge7 10. Be3 d5 11. Nxd5 Nxd5 12. Qxd5 Be6 13. Qd2 Qxe4 14. Bd3
Qd5 15. O-O O-O 16. c4 Qd7 17. Rad1 Qc7 18. Qc3 Rac8 19. f4 f6 20. Qc2 f5 21.
Qc3 e4 22. Be2 Rfd8 23. b4 Rxd1 24. Rxd1 Rd8 25. Rxd8+ Qxd8 26. a4 Kf7 27. b5
axb5 28. axb5 Ne7 29. Bd4 g5 30. fxg5 Ng6 31. Bf6 Qd6 32. c5 Qd5 33. Qd4 Qa2
34. Bf1 Qc2 35. Bh8 Nf4 36. Qf6+ Ke8 37. Qe5 Qd2 38. Qb8+ Kf7 39. Qxb7+ Bd7 40.
c6 Qe3+ 41. Kh1 Nd3 42. Qxd7+ Kg6 43. Qg7+ Kh5 44. Qh6+ Kg4 45. Qh3+ 1-0

[Event "Borgerhout - Zottegem"]
[Site "?"]
[Date "2012.09.23"]
[Round "1.3"]
[White "Vedder, Henk"]
[Black "Roos, Adrian"]
[Result "1/2-1/2"]
[WhiteElo "2434"]
[BlackElo "2254"]
[PlyCount "162"]
[EventDate "2012.09.23"]

1. e4 c5 2. Nf3 d6 3. Nc3 Nf6 4. e5 dxe5 5. Nxe5 Nbd7 6. Nc4 Nb6 7. Qf3 e6 8.
a4 Be7 9. a5 Nbd5 10. Be2 O-O 11. O-O Nb4 12. Bd1 Nc6 13. d3 Nd4 14. Qe3 Nd5
15. Qd2 Qc7 16. f4 Bd7 17. Ne5 Be8 18. Ne4 Rd8 19. c3 Nc6 20. Nc4 b5 21. axb6
axb6 22. Qf2 b5 23. Ne3 Nf6 24. Nxf6+ Bxf6 25. Bc2 Be7 26. f5 Bd7 27. Bd2 Bd6
28. Qh4 exf5 29. Nxf5 Bxf5 30. Rxf5 Ne7 31. Rf3 Ng6 32. Qh5 Rfe8 33. Raf1 Re5
34. Qh3 Re7 35. Rf5 Rde8 36. Bd1 Nf8 37. R5f2 Qb6 38. Bf3 Kh8 39. Bd5 f6 40.
Qg4 Bxh2+ 41. Kh1 Be5 42. Rf3 Qd6 43. Bb3 Qd7 44. Qh4 Ng6 45. Qh5 Bd6 46. Rh3
Nf8 47. Qd5 Qe6 48. Qxe6 Nxe6 49. Bd5 Nf8 50. Bc6 Rb8 51. Bf3 b4 52. cxb4 cxb4
53. Rh4 Ne6 54. Re1 Ng5 55. Rxe7 Bxe7 56. Bxg5 fxg5 57. Rc4 Bd6 58. Bg4 Kg8 59.
Rc8+ Kf7 60. Rxb8 Bxb8 61. b3 Kf6 62. Kg1 Ke5 63. Kf2 Kf4 64. Be6 Ba7+ 65. Kf1
g4 66. Bf7 Ke3 67. Be6 Kf4 68. Bf7 Bd4 69. Be8 Kg3 70. Bf7 Kh4 71. Be8 h5 72.
g3+ Kxg3 73. Bxh5 Kh3 74. Bf7 g3 75. Bd5 Kg4 76. Kg2 Kf4 77. Bg8 g5 78. Bf7 Bf2
79. Bg8 Ke3 80. Bf7 Kxd3 81. Bg8 Ke2 1/2-1/2

[Event "Borgerhout - Wirtzfeld"]
[Site "?"]
[Date "2013.02.03"]
[Round "8.7"]
[White "Veltkamp, Gerben"]
[Black "Hautot, Stéphane"]
[Result "0-1"]
[WhiteElo "2195"]
[BlackElo "2401"]
[PlyCount "60"]
[EventDate "2013.??.??"]

1. e4 d6 2. d4 Nf6 3. Nc3 e5 4. Nf3 Nbd7 5. Bc4 Be7 6. O-O O-O 7. Re1 c6 8. a4
b6 9. h3 a6 10. Be3 Bb7 11. Bf1 b5 12. axb5 axb5 13. Bd3 b4 14. Na4 Re8 15.
dxe5 dxe5 16. Nd2 c5 17. Bb5 Qc7 18. f3 Red8 19. Qe2 Nf8 20. c3 bxc3 21. bxc3
Ne6 22. g3 Nh5 23. Kf2 Nhf4 24. gxf4 exf4 25. Kf1 fxe3 26. Nc4 Bh4 27. Red1 Qg3
28. Rxd8+ Rxd8 29. Qg2 e2+ 30. Qxe2 Nf4 0-1